| 000 | 00740nam a22001337a 4500 | ||
|---|---|---|---|
| 040 | _cRUA | ||
| 082 | _aAGR YEM 2017 B636 Or.1 | ||
| 100 | _aYEM KIMHOY យ៉ែម គីមហួយ | ||
| 245 | _aeffect of insecticideses on chinese kale pests in dry season condition ប្រសិទ្ធភាពនៃថ្នាំកសិកម្មក្នុងការគ្រប់គ្រងសត្វល្អិតចង្រៃលើដំណាំខាត់ណាដើមក្នុងលក្ខខណ្ឌរដូវប្រាំង | ||
| 260 |
_aRUA _bphnom penh _c2017 |
||
| 300 |
_aviii;39p _bill; _c29cm |
||
| 856 | _uhttps://drive.google.com/file/d/1ub4psgECq_JAdZon9nXFPdJERePH3EA0/view?usp=sharing | ||
| 942 | _cAGR | ||
| 999 |
_c17998 _d17998 |
||